Normal view
MARC view
- Paradis, G. W
Entry Personal Name
001 - CONTROL NUMBER
- control field: 72633
003 - CONTROL NUMBER IDENTIFIER
- control field: NUST
005 - DATE AND TIME OF LATEST TRANSACTION
- control field: 20210628204843.0
008 - FIXED-LENGTH DATA ELEMENTS
- fixed length control field: 210628|| aca||aabn | a|a d
040 ## - CATALOGING SOURCE
- Original cataloging agency: NUST
- Transcribing agency: NUST
100 ## - HEADING--PERSONAL NAME
- Personal name: Paradis, G. W
670 ## - SOURCE DATA FOUND
- Source citation: Work cat.: (NUST): Paradis, G. W, Demystifying iso-9000, 1996
